[Event "GER-chT U20"]
[Site "Osnabrueck"]
[Date "2018.12.27"]
[Round "2.6"]
[White "Fischer, Patrick"]
[Black "Simrock, Manuel"]
[Result "1-0"]
[WhiteElo "1658"]
[BlackElo "1146"]
[PlyCount "61"]
[EventDate "2018.12.27"]
[EventType "team-swiss"]
[EventRounds "7"]
[EventCountry "GER"]
[SourceTitle "CBM 188 Extra"]
[Source "ChessBase"]
[SourceDate "2019.02.26"]
[SourceVersion "1"]
[SourceVersionDate "2019.02.26"]
[SourceQuality "1"]
[WhiteTeam "Biberach"]
[BlackTeam "Bensheim"]
[WhiteTeamCountry "GER"]
[BlackTeamCountry "GER"]

1. e4 c6 2. Nf3 d5 3. exd5 cxd5 4. d4 Nf6 5. Nc3 Bg4 6. Be2 e6 7. 0-0 Bd6 8. Bg5 h6 9. Bh4 Nbd7 10. Nb5 Qb8 11. Nxd6+ Qxd6 12. Bg3 Qb6 13. b3 Ne4 14. Bf4 Nc3 15. Qd2 Nf6 16. Qxc3 Ne4 17. Qd3 g5 18. Be3 Qc7 19. Nd2 Bxe2 20. Qxe2 Nc3 21. Qd3 f5 22. f4 g4 23. Bf2 Ne4 24. Nxe4 dxe4 25. Qd2 Qe7 26. Qe2 h5 27. Rad1 h4 28. Be3 Rd8 29. d5 e5 30. fxe5 Qxe5 31. Bd4 1-0